000 00327nam a22001337a 4500
008 180914b xxu||||| |||| 00| 0 eng d
020 _a9780801883552
041 _aeng
080 _a610
100 _a3
101 _aSHM
245 _aCerebral Palsy A Complete Guide For Caregiving
_cMiller.F
942 _2udc
_cBK
999 _c47816
_d47816